| 000 | 00536nam a2200181 4500 | ||
|---|---|---|---|
| 003 | LK-CoMWRAF | ||
| 005 | 20240126110253.0 | ||
| 008 | 240126b |||||||| |||| 00| 0 eng d | ||
| 040 |
_aLK-CoMWRAF _dLK-CoMWRAF _eLK-CoMWRAF |
||
| 041 | _atam | ||
| 082 |
_a323 _bBUR |
||
| 100 | _aபேர்க், ஆடம் | ||
| 110 | _aபாஸ்டியன், சுனில் | ||
| 245 | _aFLICT எண்ணக்கஞ & கட்டமைப்பு | ||
| 246 | _aEṇṇakkaña& kaṭṭamaippu | ||
| 300 | _a42 p. | ||
| 942 | _cBK | ||
| 999 |
_c4678 _d4678 |
||